[Event "Challenge"]
[Site "http://www.queenalice.com/game.php?id=1873225"]
[Date "2026.5.9"]
[Round "-"]
[White "TammieM3ENF"]
[Black "Mr_SPOCK"]
[Result "0-1"]
[WhiteElo "1301"]
[BlackElo "1815"]

1. d4 Nf6 2. c4 d5 3. c5 c6 4. b4 Nbd7 5. a4 a5 6. bxa5 Rxa5 7. Nc3 b5 8. f4 b4
9. Na2 Ne4 10. e3 Ndf6 11. f5 Bxf5 12. Nxb4 Ng4 13. h3 Ngf2 14. Ke2 Nxd1 15.
Kxd1 Nf2+ 16. Kd2 Nxh1 17. e4 dxe4 18. Nxc6 Qd5 19. g4 Qxc6 20. d5 Qxd5+ 21. Ke1
Qxc5 22. gxf5 Qc3+ 23. Bd2 Qxa1+ 24. Ke2 Rxf5 25. Bg2 Qxg1 26. Bxe4 Ng3+ 27. Kd3
Qf1+ 28. Kc2 Rc5+ 29. Bc3 Nxe4 30. Kb3 Rxc3+ 31. Kb4 Qb1+ 32. Ka5 Rc8 33. h4
Ra8# 0-1